000 00815cab a2200265 4500
001 ABS53871
008 090401t xxu||||| |||| 00| 0 eng d
035 _a(Sirsi) u7055
041 _aeng
100 _aPapworth, J.
245 _aForm MF/1 (Rev 3)
300 _a12 pages
350 _a0
520 _aArticle to be advertised as being held by the Library in January 1995`s CSM. Price £5.00.
650 _aASSOCIATION OF CONSULTING ENGINEERS
650 _aELECTRICAL AND MECHANICAL
650 _aENGINEERING CONTRACT
650 _aFORM MF/1
650 _aINSTITUTION OF ELECTRICAL ENGINEERING
650 _aINSTITUTION OF MECHANICAL ENGINEERING
650 _aMODEL FORM OF GENERAL CONDITIONS OF CONTRACT
690 _aBUILT ENVIRONMENT-BUILDING CONTRACT FORMS
942 _n0
948 _c04/03/1997
999 _c4204
_d4204